| 000 | 00543nam a22002057a 4500 | ||
|---|---|---|---|
| 001 | 00074850 | ||
| 003 | DO-SdBNP | ||
| 005 | 20180202153134.0 | ||
| 007 | 00074850 | ||
| 008 | 160531b 1977 xxu ||| 00| 0 spa d | ||
| 040 |
_aBPMSU _bspa _cBPMSU |
||
| 092 |
_axxxxx _bxxxxx |
||
| 100 | 1 | _aSalem, Luis D. | |
| 245 | 1 | 0 |
_aRimas del pesebre / _cLuis D Salem. |
| 260 |
_aMiami, Florida : _bCaribe, _c1977. |
||
| 300 |
_a86 p. ; _b18 cm. |
||
| 942 |
_2ddc _cBK |
||
| 945 | _aInventariado, 2018/ YL | ||
| 956 |
_2LOPEREZ _310 _620160531 _8BPMSU _a00041 |
||
| 999 |
_c10238 _d10238 |
||